| 000 | 00870nam a22002297a 4500 | ||
|---|---|---|---|
| 999 |
_c13764 _d13764 |
||
| 003 | AR-CdUCM | ||
| 008 | 190329b ||||| |||| 00| 0 spa d | ||
| 020 | _a84-316-5347-7 | ||
| 040 |
_aMUNICIPALIDAD PROVINCIAL DEL CUSCO _cBIBLIOTECA MUNICIPAL DEL CUSCO |
||
| 082 |
_aES / 803 / _bT72 |
||
| 100 |
_aTorregrosa, Juan Ramón. _932304 |
||
| 245 |
_aArroyo claro, fuente serena : _bAntología lírica infantil / |
||
| 260 |
_aEspaña : _bVicens Vives, ; _c2000. |
||
| 300 |
_a128 páginas ; _bIlustraciones _c22 cm |
||
| 440 |
_aCucaña _n7 _932305 |
||
| 500 | _aColección dirigida por Francisco Antón. | ||
| 505 | _aContenido: Ritmos de cuna y corazón -- ¡Corre que te pillo! -- Juguemos a las palabras -- Unas gotas de humor -- Llega la navidad ... | ||
| 650 |
_aLiteratura _9416 |
||
| 650 |
_aCuentos _9217 |
||
| 942 |
_2ddc _cLIBROS |
||
| 945 |
_arum _d2019-04-16 |
||